004260000a220007300045001000037000002450247000373000054002847730014003381 aArias Satizabal, Medardo (1956-)10aLa rumba de la "prohibición" : Con el Carnaval de Barranquilla, otros festejos similares se anuncian por el mundo. El origen de esta fiesta tiene que ver con la prohibición de la iglesia de consumir carne en llamado Martes de Absolución aVol. 34, Num. 34 (Febrero, 1994), Páginas 36-370 tCambio 16